| 000 | 00549nam a22002057a 4500 | ||
|---|---|---|---|
| 005 | 20210423063855.0 | ||
| 008 | 210217b1989 ||||| |||| 00| 0 eng d | ||
| 020 | _a0345308980 | ||
| 040 | _cDLC | ||
| 041 | _aeng | ||
| 080 |
_a821.111 _bA-82 |
||
| 100 |
_9951 _aAsimov.Isaac |
||
| 245 | _aFoundation's edge | ||
| 250 | _aseventeenth printing | ||
| 260 |
_aNew York _bBallantine books _c1989 |
||
| 300 | _a426 p.: | ||
| 650 | 0 |
_9247 _aEnglish literature |
|
| 653 | _aინგლისური ლიტერატურა | ||
| 942 |
_2udc _cBK |
||
| 999 |
_c1514 _d1514 |
||